Wittgenstein
Gardado en:
| Autor Principal: | |
|---|---|
| Formato: | Libro |
| Idioma: | Lingua castelá |
| Publicado: |
Madrid
Alianza
1984
|
| Edición: | 2a. ed |
| Series: | Alianza universal
|
| Subjects: | |
| Tags: |
Engadir etiqueta
Sen Etiquetas, Sexa o primeiro en etiquetar este rexistro!
|
MARC
| LEADER | 00000nam a2200000 a 4500 | ||
|---|---|---|---|
| 001 | UCZ1953 | ||
| 003 | CL-VaPUC | ||
| 008 | 950915e19840000SP |||||||||||||||||spa|d | ||
| 082 | 0 | 4 | |a 149.94 |b KEN |2 21 |
| 100 | |a Kenny, Anthony John Patrick |e author |9 345654 | ||
| 245 | 1 | 0 | |a Wittgenstein |
| 250 | |a 2a. ed | ||
| 300 | |a 207 p | ||
| 942 | |c BK | ||
| 945 | |d 19950915 00:00:00 |a lriquelm | ||
| 260 | |a Madrid |b Alianza |c 1984 | ||
| 600 | 0 | 7 | |a WITTGENSTEIN, LUDWIG |2 CL-VaPUC |9 257080 |
| 650 | 0 | |a Filosofía del lenguaje |9 257082 | |
| 650 | 0 | |a Filosofía (contemporánea) |y S.XX (Siglo 20) |9 267050 | |
| 650 | 0 | |a Filósofos |9 269126 | |
| 650 | 0 | |a Vida |x Obra |9 345655 | |
| 583 | |a last modification |c 19950915 00:00:00 |k Rodrigo Vera | ||
| 490 | 0 | |a Alianza universal | |
| 999 | |c 238622 |d 238620 | ||
| 952 | |0 0 |1 0 |4 0 |6 149_940000000000000_KEN_1984 |7 0 |8 A |9 248938 |a BIBEDU |b BIBEDU |d 2019-11-18 |i 1563610 |o 149.94 KEN 1984 |p 1563610 |r 2019-11-18 |w 2019-11-18 |y BK |k FIL | ||